书目信息 |
| 题名: |
颜真卿祭侄文稿
|
|
| 作者: | 颜真卿 书 | |
| 分册: | ||
| 出版信息: | 北京 中国书店 2001.01 |
|
| 页数: | 1册 | |
| 开本: | 35cm | |
| 丛书名: | 晋唐名帖 | |
| 单 册: | ||
| 中图分类: | J292.24 | |
| 科图分类: | ||
| 主题词: | 行草--法书--中国--唐代 , CT--S083756--行草 , CT--S019188--法书 | |
| 电子资源: | ||
| ISBN: | 7-80663-019-8 | |
| 000 | 00842oam2 2200277 45 | |
| 001 | 012001037174 | |
| 005 | 20070928083851.76 | |
| 010 | @a7-80663-019-8@dCNY6.00 | |
| 100 | @a20010522d2001 em y0chiy0110 ea | |
| 101 | 0 | @achi |
| 102 | @aCN@b110000 | |
| 105 | @ay z 000yy | |
| 200 | 1 | @a颜真卿祭侄文稿@AYan Zhen Qing Ji Zhi Wen Gao@f[(唐)颜真卿书]@F[( Tang ) Yan Zhen Qing Shu ] |
| 210 | @a北京@c中国书店@d2001.01 | |
| 215 | @a1册@d35cm | |
| 225 | 2 | @a晋唐名帖 |
| 330 | @a本书法神采飞动,姿态横生,气势雄奇,超神入圣,是融情于书的不朽艺术珍品。 | |
| 410 | 0 | @12001@a晋唐名帖 |
| 606 | 0 | @a行草@x法书@y中国@z唐代 |
| 606 | 0 | @2CT@3S083756@a行草 |
| 606 | 0 | @2CT@3S019188@a法书 |
| 690 | @aJ292.24@v4 | |
| 701 | 0 | @a颜真卿@AYan Zhen Qing@4书 |
| 801 | 0 | @aCN@bNLC@c20070928 |
| 905 | @aBZT@dJ292.24@e15 | |
| 906 | @dCNY6.00@n0@r1 | |
| 颜真卿祭侄文稿/[(唐)颜真卿书].-北京:中国书店,2001.01 |
| 1册;35cm.-(晋唐名帖) |
| ISBN 7-80663-019-8:CNY6.00 |
| 本书法神采飞动,姿态横生,气势雄奇,超神入圣,是融情于书的不朽艺术珍品。 |
| ● |
| 相关链接 |
|
|
|
正题名:颜真卿祭侄文稿
索取号:J292.24/15
 
预约/预借
| 序号 | 登录号 | 条形码 | 馆藏地/架位号 | 状态 | 备注 |
| 1 | 587475 | 230156782 | 中心书库中库/ 中库018架B面2列5层10/ [索取号:J292.24/15] | 在馆 | |
| 2 | 587476 | 230156781 | 中心书库中库/ 中库018架B面2列5层1/ [索取号:J292.24/15] | 在馆 | |
| 3 | 587477 | 230156780 | 中心书库中库/ 中库018架B面2列5层8/ [索取号:J292.24/15] | 在馆 | |
| 4 | 587478 | 230156779 | 中心书库中库/ 中库018架B面2列5层31/ [索取号:J292.24/15] | 在馆 | |
| 5 | 587479 | 230156778 | 中心书库中库/ 中库018架B面2列5层49/ [索取号:J292.24/15] | 在馆 |